Hospodársky vývoj SR v roku 1993

Dopad transformačného procesu na situáciu v hospodárstve. Prognóza vývoja hospodárstva v roku 1994.

Na minha lista:
Detalhes bibliográficos
Formato: Capítulo de Livro
Idioma:eslovaco
Assuntos:
Tags: Adicionar Tag
Sem tags, seja o primeiro a adicionar uma tag!

MARC

LEADER 00000naa a2200000 4500
001 r014877
005 20221213113358.2
041 0 |a slo 
044 |a SK 
245 1 0 |a Hospodársky vývoj SR v roku 1993 
520 |a Dopad transformačného procesu na situáciu v hospodárstve. Prognóza vývoja hospodárstva v roku 1994. 
610 2 0 |a transformácia 
610 2 0 |a prognózy hospodárske 
610 2 0 |a Slovensko 
610 2 0 |a 1993